00338nam a2200133Ia 4500003000400000005001700004008004100021040000900062082001500071100002200086245003700108260005100145300000800196OSt20200320121131.0190216s9999||||xx |||||||||||||| ||und|| coclc a297bISM/K aIsmayil, Shahina  0aKudumba Guide /cShahina Ismayil bPoomkavanam Books Publishers,c1991.aCalicut: a54p